Teatro misterios de biodiversidad (Registro nro. 4132)

Detalles MARC
000 -CABECERA
Campo de control 00426nam a2200169 a 4500
005 - FECHA Y HORA DE LA ULTIMA TRANSACCION
Campo de control 20140314093114.0
008 - ELEMENTOS DE LONGITUD FIJA—INFORMACION GENERAL
Campo de control 140314b2003 ||||| |||| 00| 0 spa d
041 ## - IDIOMA
Código de idioma para texto/pista de sonido o título separado Español
090 ## - CLASIFICACIÓN LOCAL
Colección LB
Consecutivo 03832
100 ## - ASIENTO PRINCIPAL--NOMBRE PERSONAL
Nombre personal McGown, Jay
245 ## - MENCION DE TITULO
Título Teatro misterios de biodiversidad
260 ## - PUBLICACION, DISTRIBUCION, ETC. (PIE DE IMPRENTA)
Lugar de publicación, distribución, etc. s.l
Nombre del editor, distribuidor, etc. Edmonds Institute
Fecha de publicación, distribución, etc. 2003
300 ## - DESCRIPCION FISICA
Extensión 38 p.
700 ## - ASIENTO SECUNDARIO - NOMBRE PERSONAL
Nombre personal Curi, Alexandra
942 ## - ELEMENTOS ADICIONALES (KOHA)
Tipo de ítem Impreso
Sistema de clasificación Local
945 ## - PROCESAMIENTO LOCAL
AAAA-MM-DD - Fecha de ingreso o modificacion 2004-08-25
Existencias
Withdrawn status Lost status Sistema de Clasificación Damaged status No para préstamo Colección Inventariado Ubicación Permanente Ubicación actual Fecha de adquisición Fuente de Valor Valor Total Checkouts Número topográfico Inventario / Código de Barras Date last seen Ejemplar Price effective from Forma de adquisición Tipo de material
    Dewey Decimal Classification     General Inventariado 2017 Bogotá Bogotá 19/08/2004 Instituto 15000.00   LB-333.9516079 M14b 016510 04/12/2012 Ej. 1 04/12/2012   Libro
    Dewey Decimal Classification     General Inventariado 2017 Bogotá Bogotá 25/08/2004 Instituto 15000.00   LB-333.9516079 M14t 016511 04/12/2012 Ej. 1 04/12/2012   Libro